Consumer Behavior (Record no. 20005)

MARC details
000 -LEADER
fixed length control field 00361nam a22001457a 4500
008 - FIXED-LENGTH DATA ELEMENTS--GENERAL INFORMATION
fixed length control field 230504b |||||||| |||| 00| 0 eng d
020 ## - INTERNATIONAL STANDARD BOOK NUMBER
ISBN 978-81-317-3156-7
100 ## - MAIN ENTRY--AUTHOR NAME
Personal name L. G. Schiffman & L. L. Kanuk
245 ## - TITLE STATEMENT
Title Consumer Behavior
250 ## - EDITION STATEMENT
Edition statement 10th Ed.
260 ## - PUBLICATION, DISTRIBUTION, ETC. (IMPRINT)
Place of publication New Delhi
Name of publisher Pearson Pub.
Year of publication 2010
300 ## - PHYSICAL DESCRIPTION
Number of Pages 486
546 ## - LANGUAGE NOTE
Language note English
942 ## - ADDED ENTRY ELEMENTS (KOHA)
Source of classification or shelving scheme Dewey Decimal Classification
Koha item type Books
Holdings
Accession Number Cost, normal purchase price Source of acquisition Price effective from Koha item type Withdrawn / writtenoff status Damaged status Not for loan Permanent Location Current Location Shelving location Date acquired Lost/ Missing status department
LLB 500 250.00 Donated By Mr. Karan Pandoh Assistant Prof. MIET SOL 05/04/2023 Books       MIET Library, Jammu MIET Library, Jammu 183/3 04/24/2023   BBA LLB